01675cam a22003491a 4500001001300000003000400013005001700017008004100034010001700075035002000092040006700112043001200179050002400191070002200215072000900237100003400246245017900280260004400459300003800503440004900541500006000590500002000650500003200670501038100702504002801083650003701111650004201148650004101190700004001231710003701271999001701308gs 55000339 DLC20260227111403.0840418s1955 dcuab b f001 0 eng c ags 55000339  a(OCoLC)10640683 aU.S. Geological Survey. Library.cAzFUdAzFUdDNALdOCoLCdDLC an-us-az00aTC801b.U2 no. 13540 a407bG29W no.1354 0aP2001 aCoates, Donald Robert,d1922-10aGeology and ground-water resources of the Douglas Basin, Arizona /cby D.R. Coates and R.L. Cushman ; with a section on chemical quality of the ground water by J.L. Hatchett. aWashington, D.C. :bU.S. G.P.O.,c1955. aiv, 56 p. :bill., maps ;c24 cm. 0aGeological Survey water-supply paper ;v1354 a"Prepared in cooperation with Arizona State Land Dept." aIncludes index. aFive folded maps in pocket. aTC801 .U2 no. 1354 With : Geology and ground-water resources of the lower Yellowstone River Valley / Alfred E. Torrey. 1956 -- Geology and ground-water resources of the Henderson area, Kentucky / Edward J. Harvey. 1956 -- Computations of total sediment discharge / Bruce R. Colby. 1955. Washington : Govt. Print. Off., 1955-1956. Bound together subsequent to publication.5DLC aBibliography: p. 41-42. 0aGeologyzArizonazDouglas Basin. 0aWater-supplyzArizonazDouglas Basin. 0aGroundwaterzArizonazDouglas Basin.1 aCushman, R. L.q(Robert L.),d1917-1 aArizona.bState Land Department. c29005d29005